Normal view
MARC view
- Katake Shraddha
Entry Personal Name
001 - CONTROL NUMBER
- control field: 211011
003 - CONTROL NUMBER IDENTIFIER
- control field: OSt
005 - DATE AND TIME OF LATEST TRANSACTION
- control field: 20250110171832.0
008 - FIXED-LENGTH DATA ELEMENTS
- fixed length control field: 250110|| aca||aabn | a|a d
040 ## - CATALOGING SOURCE
- Original cataloging agency: OSt
- Transcribing agency: OSt
100 ## - HEADING--PERSONAL NAME
- Personal name: Katake Shraddha
670 ## - SOURCE DATA FOUND
- Source citation: Work cat.: (OSt)364715: Katake Shraddha, Mitigating Impacts Of Linear Infrastructure On Wildlife In Central Indian Landscape: Case Of Newegaon Nagzira Tiger Reserve, 2020